| 000 | 00835nam a2200253Ia 4500 | ||
|---|---|---|---|
| 003 | OSt | ||
| 005 | 20220927110729.0 | ||
| 006 | a|||||r|||| 00| 0 | ||
| 007 | ta | ||
| 008 | 220926b |||||||| |||| 00| 0 eng d | ||
| 024 | _a74225 | ||
| 037 | _cReports | ||
| 040 |
_aRTL _cRTL _beng |
||
| 041 |
_2eng _aeng |
||
| 082 | _a"X9.243s.N57t4, J8/GD" | ||
| 110 |
_a"Punjab, Government of.... Industries (Department of...)" _9380009 |
||
| 245 | 0 | _aReport on the industrial survey of Ludhiana District. | |
| 260 |
_aChandigarh _bController of Printing and Stationery India _c1957 |
||
| 300 |
_a104p. Appendix p.98-104 _ccm. |
||
| 650 | _aIndustrial Economics | ||
| 700 |
_a"Punjab, Government of.... Industries (Department of...)" _9380010 |
||
| 942 |
_h"X9.243s.N57t4, J8/GD" _cCC |
||
| 999 |
_c697759 _d697759 |
||